| 000 | 02371ngm a2200385 4500 | ||
|---|---|---|---|
| 003 | dpl | ||
| 005 | 20080723110517.0 | ||
| 007 | DVD | ||
| 008 | ||||||sp199 xxu|||||c|||| 00| 0 eng d | ||
| 010 | _aDVD-000877-879 DVD-001084-1086 | ||
| 024 |
_aA3996 _c499.00 |
||
| 035 | _aDVD-000877-879 DVD-001084-1086 | ||
| 040 |
_aDPL _cDPL |
||
| 082 | _aDVD / HERO | ||
| 245 |
_aHeros : _cWalt Disney Home Entertainment _h[videorecording] DVD/ _bVolume One- Adventures From The Exciting TV Series |
||
| 246 | _a. | ||
| 260 | _bWalt Disney Home Entertainment | ||
| 300 |
_a1 videodisc DVD; (91 min.) : _bsd., col. ; _c4 3/4 in. _fDVD |
||
| 440 | _aWalt Disney Home Entertainment | ||
| 500 | _aSole Distributor in India M/s. Excel Productions Autio Visuals Pvt. Ltd. | ||
| 500 | _aBonus Features: Interactive Game : Be a Hero | ||
| 500 | _aAdventures from the Exciting Tarzan &* Hercules TV Series | ||
| 500 | _aThis DVD is Copy Protected | ||
| 538 | _aDolby Digital 5.1 -English,Mandarin, Thai, Korean Subtitles: English, Chinesse, Bahasa, thai, Korean | ||
| 538 | _aAspect Ratio: 1.33:1, Presentation type:Full Frame, Presentation Size 4x3, Format DVD 9 Dual Layer Single Sided Disc. | ||
| 650 | _aAnimated Movie | ||
| 942 |
_cCF _2ddc _hDVD _mHERO |
||
| 999 |
_c16438 _d16438 |
||